LEADER 00975nam a2200217 i 4500 001 000000174987 003 CaOOAMICUS 005 20081017000000.0 008 081017s1992 it u000 u ita u 013 $a152464 040 $aSeMil$bita 100 1 $aBortolato, Quirino Alessandro.$0(OLS)http://semarc/name/64911 245 13$aLa casa Natale di Pio 10. ed il Museo di S. Pio 10. :$bcenni storici e catalogo museale /$cQuirino Bortolato. 260 $aRiese Pio X (Treviso) :$bFondazione Giuseppe Sarto,$cstampa 1992. 300 $a103 p. :$bill. ;$c25 cm. 500 $aContiene : Bibliografia. 850 $aSeMil 852 $aSeMil$W1$xVenegono$y1$m5R XVI 49$j125815$B125815$CSeMilBibl$Z2$F138932 $81 961 $aOmaggio: Altro 996 $6245$aLa casa Natale di Pio 10. ed il Museo di S. Pio 10. :$bcenni storici e catalogo museale$9(OLS)http://semarc/title/250918 996 $6260$aRiese Pio X (Treviso) :$bFondazione Giuseppe Sarto$9(OLS)http://semarc/publisher/30843 LEADER 01086nam a2200253 i 4500 001 000000035984 003 CaOOAMICUS 005 20040603000000.0 008 040603s1907 it u000 u ita u 013 $a5022 040 $aSeMil$bita 100 1 $aRusconi, Jahn.$0(OLS)http://semarc/name/16863 245 10$aSiena /$cArt. Jahn Rusconi. 250 $a(2. edizione con aggiunte). 260 $aBergamo :$bIstituto Italiano d'Arti Grafiche,$c1907. 300 $a155 p. :$bcon 151 illustrazioni e 2 tavole ;$c27 cm. 490 0 $aCollezione di monografie illustrate. Serie 1., Italia artistica ;$v9. 500 $aContiene : Bibliografia. 650 4$aSiena - Guide artistiche.$0(OLS)http://semarc/subject/6711 830 0$aCollezione di monografie illustrate. Serie 1., Italia artistica ;$v9.$0(OLS)http://semarc/title/176 850 $aSeMil 852 $aSeMil$W1$xVenegono$y1$m5H XVI 9$j2139$B2139$CSeMilBibl$Z2$F2139 $81 996 $6245$aSiena$9(OLS)http://semarc/title/49549 996 $6260$aBergamo :$bIstituto Italiano d'Arti Grafiche$9(OLS)http://semarc/publisher/29676